00329nam a2200133Ia 4500008004100000100003700041245002700078250001200105260003400117300000800151650001200159942000700171999001700178190216s9999||||xx |||||||||||||| ||und|| aVasishta. Ar & Agar Wal. Dc 0aDynamics Of A Particle a5th Ed. bKrishna Prakasan Mandirc1985 a351 aPhysics cBK c33113d33113